000 00695nam a2200301Ia 4500
005 20260401122131.0
008 008 250103s9999 xx 000 0 eng d
020 _a8120804198
037 _aTB
040 _aEDL
040 _beng
040 _cEDL
041 _2eng
041 _aeng
084 _a891.2 CAR
084 _qEDL
100 _aCardona, George
_91232688
245 0 _aPanini: His Work and its Traditions
245 0 _cCardona, George
260 _aNew Delhi
260 _bMotilal Banarsidass Publishers Private Limited
260 _c1997
300 _a763p
942 _cTB
942 _h891.2 CAR
999 _c1845139
_d1845139